[Event "Opera Euro Rapid Prelim"]
[Site "chess24.com INT"]
[Date "2021.02.06"]
[Round "5.6"]
[White "Grischuk, Alexander"]
[Black "Radjabov, Teimour"]
[Result "1/2-1/2"]
[WhiteTitle "GM"]
[BlackTitle "GM"]
[WhiteElo "2777"]
[BlackElo "2765"]
[WhiteFideId "4126025"]
[BlackFideId "13400924"]
[EventDate "2021.02.06"]

1. e4 c5 2. Nf3 Nc6 3. Bb5 g6 4. O-O Bg7 5. Re1 Nf6 6. c3 O-O 7. d4 d5 8. e5 Ne4
9. Bxc6 bxc6 10. Be3 cxd4 11. cxd4 Qb6 12. Qc1 a5 13. Nc3 Nxc3 14. Qxc3 Bg4 15.
Nd2 Rfb8 16. b3 a4 17. h3 Bf5 18. Rec1 h5 19. bxa4 Rxa4 20. Qxc6 Qxc6 21. Rxc6
Rba8 22. Nf3 f6 23. Rc7 Bf8 24. Rc6 Bg7 25. Rc7 Bf8 26. exf6 exf6 27. Nh4 Bd3
28. Rd1 Rc4 29. Rd7 Bc2 30. Ra1 Rca4 31. Rxd5 Rxa2 32. Rxa2 Rxa2 33. Nf3 Be4 34.
Rd8 Ra8 35. Rxa8 Bxa8 36. Nd2 Bb4 37. f3 Bxd2 38. Bxd2 Kf7 39. Kf2 Bd5 40. g4
hxg4 41. hxg4 f5 42. gxf5 gxf5 43. Ke3 Ke6 44. Kf4 Ba8 45. Be3 Bd5 46. Bf2 Bc6
47. Be3 Bd5 48. Bf2 Bc6 49. Be3 Bd5 1/2-1/2

[Event "Opera Euro Rapid Prelim"]
[Site "chess24.com INT"]
[Date "2021.02.06"]
[Round "5.7"]
[White "Giri, Anish"]
[Black "Vidit, Santosh Gujrathi"]
[Result "1-0"]
[WhiteTitle "GM"]
[BlackTitle "GM"]
[WhiteElo "2764"]
[BlackElo "2726"]
[WhiteFideId "24116068"]
[BlackFideId "5029465"]
[EventDate "2021.02.06"]

1. d4 Nf6 2. c4 e6 3. Nf3 d5 4. Nc3 c5 5. cxd5 cxd4 6. Qxd4 exd5 7. e4 dxe4 8.
Qxd8+ Kxd8 9. Ng5 Be6 10. Bb5 a6 11. Ba4 Nbd7 12. O-O b5 13. Bb3 Ke7 14. Be3 h6
15. Ngxe4 Ke8 16. Bd4 Bb4 17. Rae1 Ke7 18. f4 Rhd8 19. f5 Bxb3 20. Nxf6+ Kf8 21.
Nh5 Bc4 22. Bxg7+ Kg8 23. Rf4 Kh7 24. Rg4 Rg8 25. Ne4 Be7 26. Rd1 Be2 27. Rxd7
Bxg4 28. Rxe7 Bxh5 29. Be5 Rad8 30. h3 Rd1+ 31. Kh2 Rc8 32. Nf6+ Kg7 33. Nxh5+
Kf8 34. Ra7 Rd5 35. Bg7+ Kg8 36. Nf6+ 1-0

[Event "Opera Euro Rapid Prelim"]
[Site "chess24.com INT"]
[Date "2021.02.06"]
[Round "5.8"]
[White "Nepomniachtchi, Ian"]
[Black "Nakamura, Hikaru"]
[Result "1-0"]
[WhiteTitle "GM"]
[BlackTitle "GM"]
[WhiteElo "2789"]
[BlackElo "2736"]
[WhiteFideId "4168119"]
[BlackFideId "2016192"]
[EventDate "2021.02.06"]

1. e4 e5 2. Nf3 Nc6 3. Bb5 Nf6 4. O-O Nxe4 5. d4 Nd6 6. Bxc6 dxc6 7. dxe5 Nf5 8.
Qxd8+ Kxd8 9. Nc3 Ke8 10. h3 h5 11. Bf4 Be6 12. Ng5 Bc4 13. Rfd1 Bb4 14. Nce4
Be2 15. Rdc1 Bc4 16. b3 Bd5 17. Rd1 Be7 18. c4 Bxe4 19. Nxe4 c5 20. Rd3 Rd8 21.
Rad1 b6 22. e6 fxe6 23. Bxc7 Rxd3 24. Rxd3 Kf7 25. Be5 Rd8 26. Rxd8 Bxd8 27. Kf1
g6 28. Ke2 Ke8 29. Kf3 Ne7 30. Nd6+ Kf8 31. Nb7 Nc6 32. Nxd8 Nxd8 33. Kf4 Nc6
34. Bc3 Kf7 35. f3 a6 36. a4 a5 37. h4 Ke7 38. g4 Kf7 39. Ke4 Ke7 40. Bb2 Nd8
41. Be5 Kd7 42. gxh5 gxh5 43. f4 Nf7 44. f5 Nh6 45. fxe6+ Kxe6 46. Bc7 Nf5 47.
Bxb6 Nxh4 48. Bxc5 Nf5 49. Bb6 Nd6+ 50. Kf4 Nb7 51. Kg5 Ke5 52. Kxh5 Ke4 53. Kg6
Kd3 54. c5 Nxc5 55. Bxc5 Kc3 56. b4 Kc4 57. b5 Kxc5 58. Kf7 Kb6 59. Ke8 Ka7 60.
Ke7 Kb7 61. Kd7 Kb6 62. Kc8 Ka7 63. Kc7 Ka8 64. Kb6 1-0

[Event "Opera Euro Rapid Prelim"]
[Site "chess24.com INT"]
[Date "2021.02.07"]
[Round "6.1"]
[White "Dubov, Daniil"]
[Black "Nakamura, Hikaru"]
[Result "1/2-1/2"]
[WhiteTitle "GM"]
[BlackTitle "GM"]
[WhiteElo "2710"]
[BlackElo "2736"]
[WhiteFideId "24126055"]
[BlackFideId "2016192"]
[EventDate "2021.02.06"]

1. d4 Nf6 2. c4 e6 3. Nf3 d5 4. g3 Be7 5. Bg2 O-O 6. O-O dxc4 7. Qc2 a6 8. a4
Bd7 9. Qxc4 Bc6 10. Bg5 Nbd7 11. Nc3 h6 12. Bxf6 Nxf6 13. Rfd1 Bd6 14. Ne5 Bxg2
15. Kxg2 Qe7 16. Nf3 Bb4 17. Na2 Bd6 18. Rac1 a5 19. Re1 c6 20. Nc3 Bb4 21. e4
Rfd8 22. Qe2 c5 23. dxc5 Rac8 24. e5 Bxc3 25. Rxc3 Nd5 26. Rc4 Rxc5 27. Rec1
Rdc8 28. b3 Nb6 29. Rxc5 Rxc5 30. Rxc5 Qxc5 31. Qe4 Nd5 32. Nd2 Qc3 33. Nc4 Qxb3
34. Nxa5 Qb6 35. Nc4 Qc7 36. Nd6 Nc3 37. Qxb7 Qxb7+ 38. Nxb7 Nxa4 39. Kf3 Kf8
40. Ke4 Nc3+ 1/2-1/2

[Event "Opera Euro Rapid Prelim"]
[Site "chess24.com INT"]
[Date "2021.02.07"]
[Round "6.2"]
[White "Vidit, Santosh Gujrathi"]
[Black "Nepomniachtchi, Ian"]
[Result "1/2-1/2"]
[WhiteTitle "GM"]
[BlackTitle "GM"]
[WhiteElo "2726"]
[BlackElo "2789"]
[WhiteFideId "5029465"]
[BlackFideId "4168119"]
[EventDate "2021.02.06"]

1. Nf3 c5 2. c4 Nf6 3. Nc3 d5 4. cxd5 Nxd5 5. e3 e6 6. d4 Nc6 7. Bd3 Be7 8. a3
cxd4 9. exd4 O-O 10. O-O b6 11. Qc2 Nf6 12. Rd1 h6 13. Be4 Nxe4 14. Qxe4 Qe8 15.
Re1 Bd7 16. d5 exd5 17. Nxd5 Bd6 18. Qh4 Qd8 19. Qh5 Be6 20. Rd1 Bxd5 21. Qxd5
Bc5 22. b4 Qxd5 23. Rxd5 Rad8 24. Rxd8 Rxd8 25. Bf4 Bd4 26. Nxd4 Nxd4 27. Kf1 g5
28. Bc7 Re8 29. g4 Nc2 30. Ra2 Re1+ 31. Kg2 Re2 32. Kg3 b5 33. Bb8 a6 34. Ba7
Kh7 35. Be3 Kg6 36. Rb2 Rxe3+ 37. fxe3 Nxe3 38. h3 h5 39. Kf3 Nc4 40. Ra2 hxg4+
41. hxg4 f5 42. gxf5+ Kxf5 43. a4 Ke5 44. axb5 axb5 45. Rg2 Kf5 46. Re2 g4+ 47.
Kg3 Ne5 48. Rd2 Ke4 49. Rd6 Nd3 50. Rb6 Nxb4 51. Rxb5 Nd5 52. Kxg4 Ne3+ 53. Kg5
Nd5 54. Rb8 Ke5 55. Rd8 Ke4 56. Re8+ Kd4 57. Kf5 Ne3+ 58. Kf4 Nd5+ 59. Kf3 Nc3
60. Rd8+ Nd5 61. Rd7 Ke5 62. Rh7 Kd4 63. Rh5 Nc3 64. Rh8 Nd5 65. Rd8 Ke5 66. Ke2
Ke4 67. Re8+ Kd4 68. Kf3 Nc3 69. Re1 Nd5 70. Rd1+ Ke5 71. Rd2 Nf4 72. Ra2 Nd5
73. Ra4 Nc3 74. Rc4 Nd5 75. Re4+ Kd6 76. Rh4 Ke5 77. Ke2 Nf4+ 78. Kd2 Nd5 79.
Ra4 Nf4 80. Ke3 Nd5+ 81. Kf3 Nf6 82. Ra5+ Nd5 83. Rb5 Kd4 84. Rb8 Ke5 85. Re8+
Kd4 86. Rd8 Ke5 87. Rxd5+ Kxd5 1/2-1/2

[Event "Opera Euro Rapid Prelim"]
[Site "chess24.com INT"]
[Date "2021.02.07"]
[Round "6.3"]
[White "Radjabov, Teimour"]
[Black "Giri, Anish"]
[Result "1/2-1/2"]
[WhiteTitle "GM"]
[BlackTitle "GM"]
[WhiteElo "2765"]
[BlackElo "2764"]
[WhiteFideId "13400924"]
[BlackFideId "24116068"]
[EventDate "2021.02.06"]

1. d4 Nf6 2. c4 e6 3. Nf3 d5 4. Nc3 Bb4 5. Bg5 h6 6. Bxf6 Qxf6 7. e3 O-O 8. Rc1
dxc4 9. Bxc4 c5 10. O-O cxd4 11. Nxd4 Bd7 12. Qb3 Nc6 13. Nxc6 Bxc3 14. Qxc3
Bxc6 15. Qxf6 gxf6 16. Rfd1 Rfd8 17. f3 f5 18. Kf2 Kg7 19. Ke1 Kf6 20. Rxd8 Rxd8
21. Be2 Rd6 22. Rd1 Rxd1+ 23. Kxd1 e5 24. Kd2 f4 25. Bd3 b6 26. Ke2 Bd5 27. a3
Ke6 28. Kf2 Kf6 29. g3 fxg3+ 30. Kxg3 Kg5 31. h4+ Kf6 32. f4 Be6 33. Kf3 exf4
34. Kxf4 Ke7 35. Ke5 f6+ 36. Kd4 Kd6 37. Be2 Bd7 38. Bd3 Be6 39. Be2 Bd7 40. Bd3
Be6 1/2-1/2

[Event "Opera Euro Rapid Prelim"]
[Site "chess24.com INT"]
[Date "2021.02.07"]
[Round "6.4"]
[White "Ding, Liren"]
[Black "Grischuk, Alexander"]
[Result "0-1"]
[WhiteTitle "GM"]
[BlackTitle "GM"]
[WhiteElo "2791"]
[BlackElo "2777"]
[WhiteFideId "8603677"]
[BlackFideId "4126025"]
[EventDate "2021.02.06"]

1. c4 c5 2. g3 g6 3. Bg2 Bg7 4. Nc3 Nc6 5. Rb1 e6 6. a3 Nge7 7. b4 d6 8. Nf3 O-O
9. O-O b6 10. e3 Bb7 11. Qb3 Qd7 12. Bb2 Ne5 13. Nxe5 Bxe5 14. Bxb7 Qxb7 15. d3
Nc6 16. b5 Na5 17. Qa2 Rad8 18. Ne4 f5 19. Ng5 Qe7 20. Bxe5 dxe5 21. Nf3 Qf6 22.
Qc2 Rd6 23. Qc3 e4 24. Qxf6 Rxf6 25. dxe4 Rf8 26. Rfc1 h6 27. exf5 exf5 28. Kf1
Rfd8 29. Ke2 Kg7 30. Rc2 g5 31. h4 g4 32. Ne1 Kf7 33. a4 R8d7 34. Ng2 Rd3 35.
Ra1 Rb3 36. Nf4 Rb4 37. Nd3 Ke6 38. Nxb4 cxb4 39. Rd1 Rc7 40. Rd4 Nb3 41. Rd5
Nc5 42. Rcd2 Ne4 43. R2d4 b3 44. Kd3 Nxf2+ 45. Kc3 Ne4+ 46. Kxb3 Nxg3 47. Rd6+
Ke5 48. Rxh6 Re7 49. h5 Nf1 50. Rd5+ Ke4 51. Rdd6 Ke5 52. Rhg6 Nxe3 53. h6 g3
54. Rd3 Kf4 55. Rg7 g2 56. Rd2 Re6 57. Rf2+ Ke4 58. Rfxg2 Nxg2 59. Rxg2 Rxh6 60.
Rg7 f4 61. Rxa7 Rf6 62. Kc3 f3 63. Re7+ Kf4 64. Re1 f2 65. Rf1 Ke3 66. c5 bxc5
67. a5 Rf4 68. Ra1 Ra4 69. Rh1 Rb4 70. Ra1 Rxb5 71. a6 Rb8 72. Kc4 Ra8 73. Kb5
c4 74. Rb1 0-1

[Event "Opera Euro Rapid Prelim"]
[Site "chess24.com INT"]
[Date "2021.02.07"]
[Round "6.5"]
[White "Carlsen, Magnus"]
[Black "Duda, Jan-Krzysztof"]
[Result "1/2-1/2"]
[WhiteTitle "GM"]
[BlackTitle "GM"]
[WhiteElo "2862"]
[BlackElo "2743"]
[WhiteFideId "1503014"]
[BlackFideId "1170546"]
[EventDate "2021.02.06"]

1. c4 e6 2. Nc3 Nf6 3. e4 d5 4. cxd5 exd5 5. e5 d4 6. exf6 dxc3 7. Qe2+ Be6 8.
dxc3 Qxf6 9. Nf3 Nd7 10. g3 Bc5 11. Bg2 O-O 12. O-O Bd5 13. Re1 c6 14. Bf4 h6
15. Rad1 Rfd8 16. Ne5 Nxe5 17. Bxe5 Qe6 18. Bxd5 Rxd5 19. Rxd5 Qxd5 20. c4 Qe6
21. Qd3 Re8 22. Bc3 Qc8 23. Rxe8+ Qxe8 24. Kg2 a6 25. h4 Qe6 26. b4 Be7 27. a4
Qg6 28. Qe2 Bxh4 29. b5 Bf6 30. Bxf6 Qxf6 31. bxa6 bxa6 32. c5 Qe6 33. Qxa6 Qd5+
34. Kg1 Qd1+ 35. Kg2 Qd5+ 36. Kg1 Qd1+ 37. Kg2 Qd5+ 1/2-1/2

[Event "Opera Euro Rapid Prelim"]
[Site "chess24.com INT"]
[Date "2021.02.07"]
[Round "6.6"]
[White "Vachier-Lagrave, Maxime"]
[Black "Dominguez Perez, Leinier"]
[Result "1-0"]
[WhiteTitle "GM"]
[BlackTitle "GM"]
[WhiteElo "2784"]
[BlackElo "2758"]
[WhiteFideId "623539"]
[BlackFideId "3503240"]
[EventDate "2021.02.06"]

1. e4 c5 2. Nf3 e6 3. d4 cxd4 4. Nxd4 Nf6 5. Nc3 Nc6 6. Nxc6 bxc6 7. e5 Nd5 8.
Ne4 Qc7 9. f4 Qb6 10. c4 Bb4+ 11. Ke2 f5 12. Nf2 Ba6 13. Kf3 Ne7 14. Be3 Bc5 15.
Bxc5 Qxc5 16. Qd6 Qb6 17. b3 c5 18. h4 Bb7+ 19. Ke3 Nc8 20. Qxb6 axb6 21. Be2 d5
22. exd6 Nxd6 23. a4 O-O 24. Rhd1 Rfd8 25. g3 Kf8 26. Nd3 Be4 27. Ne5 Ke8 28. g4
Nf7 29. Nxf7 Kxf7 30. Rxd8 Rxd8 31. a5 bxa5 32. Rxa5 Rb8 33. Rb5 Rc8 34. g5 Rc7
35. b4 cxb4 36. Rxb4 Ke7 37. Ra4 Rb7 38. c5 Bc6 39. Ra6 Bd5 40. Rb6 Rxb6 41.
cxb6 Kd6 42. Kd4 Kc6 43. Ke5 Kxb6 44. Kd6 Bb3 45. h5 h6 46. g6 Bd5 47. Ke7 Kc5
48. Kf8 Kd4 49. Kxg7 e5 50. Kxh6 exf4 51. Kg5 f3 52. Bxf3 Bxf3 53. h6 1-0

[Event "Opera Euro Rapid Prelim"]
[Site "chess24.com INT"]
[Date "2021.02.07"]
[Round "6.7"]
[White "So, Wesley"]
[Black "Shankland, Sam"]
[Result "1-0"]
[WhiteTitle "GM"]
[BlackTitle "GM"]
[WhiteElo "2770"]
[BlackElo "2691"]
[WhiteFideId "5202213"]
[BlackFideId "2004887"]
[EventDate "2021.02.06"]

1. c4 c6 2. Nf3 d5 3. d4 Nf6 4. g3 Bf5 5. Nc3 e6 6. Nh4 dxc4 7. Nxf5 exf5 8. e3
Nbd7 9. Bxc4 Nb6 10. Bb3 Qd7 11. Qf3 Bd6 12. Bd2 O-O 13. h3 Bb4 14. Bc2 g6 15.
O-O-O Nfd5 16. Nxd5 Bxd2+ 17. Rxd2 cxd5 18. Bd3 Rac8+ 19. Kb1 Nc4 20. Rc2 Rc6
21. g4 Rfc8 22. gxf5 Qc7 23. Ka1 Ne5 24. Rxc6 Qxc6 25. dxe5 1-0

[Event "Opera Euro Rapid Prelim"]
[Site "chess24.com INT"]
[Date "2021.02.07"]
[Round "6.8"]
[White "Aronian, Levon"]
[Black "Bluebaum, Matthias"]
[Result "0-1"]
[WhiteTitle "GM"]
[BlackTitle "GM"]
[WhiteElo "2781"]
[BlackElo "2670"]
[WhiteFideId "13300474"]
[BlackFideId "24651516"]
[EventDate "2021.02.06"]

1. e4 e6 2. d4 d5 3. Nc3 Nf6 4. e5 Nfd7 5. f4 c5 6. Nf3 Nc6 7. Be3 a6 8. Ne2 Qb6
9. Qc1 Be7 10. c3 O-O 11. h4 f6 12. h5 h6 13. Rh3 Qa5 14. Kf2 cxd4 15. cxd4 fxe5
16. fxe5 Ndxe5 17. dxe5 Nxe5 18. Kg1 Ng4 19. Rg3 e5 20. Rxg4 Bxg4 21. Nxe5 Bxh5
22. Nf4 Rac8 23. Qe1 Qxe1 24. Rxe1 Bb4 25. Rb1 d4 26. Bc1 Bf7 27. Nxf7 Rxf7 28.
g3 g5 29. Nd5 Bd6 30. b3 Rf3 31. Bg2 Rd3 32. Bb2 Rc2 33. Nf6+ Kf7 34. Ne4 Bxg3
35. Bxd4 Rxd4 36. Nxg3 Rxa2 37. Rf1+ Rf4 38. Bxb7 Rxf1+ 39. Kxf1 a5 40. Nf5 h5
41. Ng3 h4 42. Ne4 g4 43. Bc8 g3 44. Kg1 Kg6 45. Bh3 Rb2 46. Nc5 Kg5 47. Ne6+
Kf6 48. Nd4 Rf2 49. Nc6 Rh2 50. Bd7 Ra2 51. Bh3 Kg5 52. Ne5 Rb2 53. Nf3+ Kf4 54.
Nxh4 Rxb3 55. Bd7 Rb1+ 56. Kg2 Rb2+ 57. Kg1 Ra2 58. Ng2+ Kg5 59. Ne3 a4 60. Nc4
Kf4 61. Bc6 a3 62. Nxa3 Rxa3 63. Kg2 Ra2+ 64. Kg1 Rc2 65. Bd5 Rd2 66. Bb7 Ke5
67. Bc6 Rb2 68. Bf3 Ra2 69. Bc6 Kf4 70. Bd5 Rb2 71. Bc6 g2 72. Kh2 Ke3 73. Kg1
Kf4 74. Kh2 Rf2 75. Bd5 g1=Q+ 76. Kxg1 Kg3 77. Bg8 Rf6 78. Bh7 Rf7 79. Bg8 Rg7 0-1

[Event "Opera Euro Rapid Prelim"]
[Site "chess24.com INT"]
[Date "2021.02.07"]
[Round "7.1"]
[White "Bluebaum, Matthias"]
[Black "Dubov, Daniil"]
[Result "1/2-1/2"]
[WhiteTitle "GM"]
[BlackTitle "GM"]
[WhiteElo "2670"]
[BlackElo "2710"]
[WhiteFideId "24651516"]
[BlackFideId "24126055"]
[EventDate "2021.02.06"]

1. d4 Nf6 2. Nf3 d5 3. e3 c5 4. Nbd2 g6 5. dxc5 Bg7 6. c3 O-O 7. b4 Nfd7 8. Bb2
b6 9. cxb6 a5 10. b5 a4 11. Rb1 a3 12. Ba1 Nxb6 13. Be2 Bf5 14. Rc1 Na4 15. O-O
Nd7 16. Nb3 Ndb6 17. Nbd4 Bd7 18. Qb3 Nc5 19. Qb4 Qc7 20. Nc6 Qd6 21. Qf4 Qxf4
22. exf4 Bxc6 23. bxc6 Rfc8 24. c4 Bxa1 25. Rxa1 Nxc4 26. Bxc4 dxc4 27. Rac1 Ra4
28. Ne5 Nd3 29. Nxd3 cxd3 30. Rfd1 Rd4 31. g3 Rd6 32. Rd2 Kg7 33. Rc3 Rcxc6 34.
Rxc6 Rxc6 35. Rxd3 Ra6 36. Kg2 Kf6 37. Re3 h6 38. g4 g5 39. fxg5+ hxg5 40. Kg3
Ra4 41. h4 gxh4+ 42. Kxh4 e6 43. Kg3 Kg5 44. f3 f5 45. Rxe6 fxg4 46. Re5+ Kf6
47. f4 Rc4 48. Ra5 Rc1 49. Kxg4 Rg1+ 50. Kf3 Rf1+ 51. Kg3 Rg1+ 52. Kf2 Rb1 53.
Rxa3 Kf5 54. Ra4 Rc1 55. Ke3 Rc3+ 56. Kd4 Rf3 57. Kc5 Rf2 58. a3 Rf3 59. Ra8 Ke6
60. Ra4 Kf5 61. Ra7 Ke6 62. a4 Rxf4 63. a5 Rf1 64. Rh7 Rc1+ 65. Kb6 Kd6 66. Rh6+
Kd7 67. Kb7 Rc7+ 68. Kb6 Rc1 69. Rh7+ Kc8 70. Rh8+ Kd7 71. a6 Rb1+ 72. Ka7 Kc7
73. Rb8 Rxb8 1/2-1/2

[Event "Opera Euro Rapid Prelim"]
[Site "chess24.com INT"]
[Date "2021.02.07"]
[Round "7.2"]
[White "Shankland, Sam"]
[Black "Aronian, Levon"]
[Result "0-1"]
[WhiteTitle "GM"]
[BlackTitle "GM"]
[WhiteElo "2691"]
[BlackElo "2781"]
[WhiteFideId "2004887"]
[BlackFideId "13300474"]
[EventDate "2021.02.06"]

1. d4 Nf6 2. c4 e6 3. Nf3 d5 4. Nc3 Bb4 5. cxd5 exd5 6. Bg5 h6 7. Bh4 O-O 8. e3
Bf5 9. Qb3 Bxc3+ 10. Qxc3 g5 11. Bg3 Ne4 12. Qa3 Nd7 13. Bd3 Re8 14. Nd2 Ndf6
15. Nxe4 Bxe4 16. O-O Bxd3 17. Qxd3 Ne4 18. Be5 c6 19. f3 Nc5 20. Qf5 Qe7 21. f4
Ne4 22. fxg5 hxg5 23. Rf3 f6 24. Bxf6 Qxf6 25. Qxf6 Nxf6 26. Rxf6 Rxe3 27. Rg6+
Kh7 28. Rxg5 Rg8 29. Rxg8 Kxg8 30. Kf2 Rd3 31. g4 Rxd4 32. Kg3 Rd3+ 33. Kh4 Rd2
34. h3 Rxb2 35. Kg5 d4 36. Rd1 c5 37. h4 Rxa2 38. h5 b5 39. h6 b4 40. Re1 b3 41.
Re8+ Kf7 42. h7 Rh2 43. h8=Q Rxh8 44. Rxh8 c4 45. Kf5 c3 46. g5 b2 47. g6+ Ke7
48. Rb8 c2 49. g7 b1=Q 50. g8=Q c1=Q+ 51. Rxb1 Qxb1+ 52. Ke5 d3 53. Qe6+ Kd8 54.
Qd6+ Kc8 55. Qc6+ Kb8 56. Kd4 d2 57. Qd6+ Kb7 58. Qe7+ Kb6 59. Qd8+ Ka6 60. Qc8+
Ka5 61. Qc5+ Qb5 62. Qxa7+ Kb4 63. Qe7+ Ka4 64. Qa7+ Kb3 65. Qf7+ Kb2 0-1

[Event "Opera Euro Rapid Prelim"]
[Site "chess24.com INT"]
[Date "2021.02.07"]
[Round "7.3"]
[White "Dominguez Perez, Leinier"]
[Black "So, Wesley"]
[Result "1-0"]
[WhiteTitle "GM"]
[BlackTitle "GM"]
[WhiteElo "2758"]
[BlackElo "2770"]
[WhiteFideId "3503240"]
[BlackFideId "5202213"]
[EventDate "2021.02.06"]

1. e4 e5 2. Nf3 Nc6 3. Bb5 Nf6 4. O-O Nxe4 5. Re1 Nd6 6. Nxe5 Be7 7. Bf1 Nxe5 8.
Rxe5 O-O 9. Nc3 Ne8 10. Nd5 Bd6 11. Re2 c6 12. Ne3 Be7 13. Nf5 Bf6 14. Qe1 d5
15. Ne7+ Kh8 16. Nxc8 Rxc8 17. g3 Qd7 18. d3 Nd6 19. Bf4 Bxb2 20. Rb1 Bf6 21.
Bh3 Nf5 22. Bxf5 Qxf5 23. Bd6 Rfd8 24. Rxb7 Bd4 25. Be5 Bb6 26. Bc7 Bxc7 27.
Rxc7 h5 28. Rxa7 Rb8 29. h4 d4 30. Re5 Qf3 31. Kh2 Kg8 32. Re4 Rf8 33. Ra5 Rb5
34. Rxb5 cxb5 35. Rxd4 Ra8 36. Rf4 Qd5 37. a3 Qc5 38. Qb4 Qxc2 39. Qxb5 Qa2 40.
a4 Rd8 41. Qc4 Qxc4 42. dxc4 Rc8 43. Kg2 Kf8 44. Rf3 Ke7 45. a5 Ra8 46. Ra3 1-0

[Event "Opera Euro Rapid Prelim"]
[Site "chess24.com INT"]
[Date "2021.02.07"]
[Round "7.4"]
[White "Duda, Jan-Krzysztof"]
[Black "Vachier-Lagrave, Maxime"]
[Result "1/2-1/2"]
[WhiteTitle "GM"]
[BlackTitle "GM"]
[WhiteElo "2743"]
[BlackElo "2784"]
[WhiteFideId "1170546"]
[BlackFideId "623539"]
[EventDate "2021.02.06"]

1. d4 Nf6 2. c4 g6 3. Nc3 d5 4. Nf3 Bg7 5. Qb3 dxc4 6. Qxc4 O-O 7. e4 Nc6 8. Be2
e5 9. d5 Nd4 10. Nxd4 exd4 11. Qxd4 c6 12. Qc4 b5 13. Qxc6 Bd7 14. Qd6 Re8 15.
e5 Ng4 16. e6 fxe6 17. h3 Ne5 18. O-O Nf7 19. Qa3 exd5 20. Bf3 d4 21. Ne4 Bc6
22. Ng5 Bxf3 23. Nxf3 Qd5 24. Rd1 Nd6 25. Qd3 Rac8 26. a4 b4 27. Be3 Nc4 28.
Rab1 Nxe3 29. fxe3 b3 30. exd4 Rc2 31. Rd2 Qc4 32. Qxc4+ Rxc4 33. Rd3 Rxa4 34.
Rxb3 Bxd4+ 35. Nxd4 Rxd4 36. Rb7 Rd2 37. Rc1 Rf8 38. b3 Rf7 39. Rc8+ Kg7 40.
Rxf7+ Kxf7 41. Rc7+ Kf6 42. Rxa7 Rb2 43. Rb7 h5 44. h4 Rc2 45. Rb4 Kf5 46. Kh2
Rc3 47. Rb5+ Kg4 48. Rb4+ Kf5 49. g3 Rc2+ 50. Kh3 Kf6 51. Rf4+ Kg7 52. b4 Rb2
53. Rc4 Kh6 54. g4 Rb3+ 55. Kg2 hxg4 56. Rxg4 Kh5 57. Rc4 g5 58. hxg5 Kxg5 59.
Kf2 Kf5 60. Ke2 Ke5 61. Kd2 Kd5 62. Rc5+ Kd4 63. Rh5 Rxb4 64. Rh4+ Kc5 65. Rxb4
Kxb4 1/2-1/2

[Event "Opera Euro Rapid Prelim"]
[Site "chess24.com INT"]
[Date "2021.02.07"]
[Round "7.5"]
[White "Grischuk, Alexander"]
[Black "Carlsen, Magnus"]
[Result "1/2-1/2"]
[WhiteTitle "GM"]
[BlackTitle "GM"]
[WhiteElo "2777"]
[BlackElo "2862"]
[WhiteFideId "4126025"]
[BlackFideId "1503014"]
[EventDate "2021.02.06"]

1. e4 c5 2. Nf3 Nc6 3. Nc3 e5 4. Bc4 g6 5. d3 h6 6. O-O Bg7 7. a3 d6 8. b4 Nge7
9. bxc5 dxc5 10. Be3 b6 11. Nd5 Be6 12. Nxe7 Qxe7 13. Bd5 Rc8 14. c4 O-O 15. Bd2
Rfe8 16. Re1 Qd7 17. h3 Bxd5 18. exd5 Nd4 19. Nxd4 cxd4 20. Qb3 f5 21. f3 Qc7
22. Rac1 Kh7 23. Re2 a5 24. Rb1 Rb8 25. a4 Bf8 26. Rbe1 Bc5 27. Bf4 Bd6 28. Bc1
Bb4 29. Bd2 Bc5 30. Bf4 Bd6 31. Kh1 g5 32. Bc1 Bb4 33. Bd2 Bc5 34. Bc1 Re7 35.
Ba3 Qd6 36. Ra1 Kg7 37. Rb2 Rbe8 38. Bxc5 bxc5 39. Qb6 Qxb6 40. Rxb6 e4 41. d6
Rd7 42. fxe4 fxe4 43. dxe4 Rxe4 44. Rc6 Kf6 45. Rxc5 Rxd6 46. Rd1 d3 47. Kg1 d2
48. Kf2 Kg6 49. Rd5 Rf6+ 50. Kg3 Rxc4 51. R1xd2 Rxa4 52. Rd8 Re4 53. Rg8+ Kh5
54. Ra8 Rf5 55. Kh2 g4 56. Ra2 Ree5 57. Ra4 Rg5 58. hxg4+ Rxg4 59. R4xa5 Rxa5
60. Rxa5+ Rg5 61. Ra3 Kg6 62. Ra6+ Kh5 63. Ra3 Kg6 64. Ra6+ Kh5 65. Ra3 1/2-1/2

[Event "Opera Euro Rapid Prelim"]
[Site "chess24.com INT"]
[Date "2021.02.07"]
[Round "7.6"]
[White "Giri, Anish"]
[Black "Ding, Liren"]
[Result "1-0"]
[WhiteTitle "GM"]
[BlackTitle "GM"]
[WhiteElo "2764"]
[BlackElo "2791"]
[WhiteFideId "24116068"]
[BlackFideId "8603677"]
[EventDate "2021.02.06"]

1. e4 e5 2. Nf3 Nc6 3. Bb5 a6 4. Ba4 Nf6 5. Nc3 Bc5 6. O-O O-O 7. Bxc6 dxc6 8.
d3 Re8 9. Be3 Bd6 10. h3 Nd7 11. Nd2 Nf8 12. Ne2 Ng6 13. Ng3 Be6 14. Nf5 Bf8 15.
Qf3 Qd7 16. h4 Ne7 17. Nxe7+ Bxe7 18. Qg3 f6 19. b3 Kh8 20. Kh1 Rad8 21. f4 exf4
22. Bxf4 Bd6 23. Rae1 h6 24. Nf3 Bxf4 25. Qxf4 c5 26. Rg1 b5 27. g4 Rf8 28. Qg3
Qd6 29. Kh2 c4 30. bxc4 bxc4 31. d4 Rb8 32. d5 Bd7 33. Qxd6 cxd6 34. Nd4 Rb2 35.
a3 Ra2 36. Re3 Re8 37. Kg3 Ba4 38. Rg2 c3 39. Nf5 Rxa3 40. Nxd6 Rb8 41. g5 Bd7
42. Kf4 fxg5+ 43. hxg5 Rf8+ 44. Ke5 h5 45. g6 Kg8 46. Kd4 h4 47. Rh2 h3 48. e5
Rf4+ 49. Re4 Ra4+ 50. Ke3 Rfxe4+ 51. Nxe4 Bf5 52. Nd6 Bxg6 53. e6 Rh4 54. e7 a5
55. e8=Q+ Bxe8 56. Nxe8 Kf7 57. Nd6+ Kf6 58. Nb5 a4 59. d6 Ke6 60. Kd3 g5 61.
Re2+ Kd7 62. Re7+ Kc6 63. d7 1-0

[Event "Opera Euro Rapid Prelim"]
[Site "chess24.com INT"]
[Date "2021.02.07"]
[Round "7.7"]
[White "Nepomniachtchi, Ian"]
[Black "Radjabov, Teimour"]
[Result "1/2-1/2"]
[WhiteTitle "GM"]
[BlackTitle "GM"]
[WhiteElo "2789"]
[BlackElo "2765"]
[WhiteFideId "4168119"]
[BlackFideId "13400924"]
[EventDate "2021.02.06"]

1. e4 c5 2. Nf3 Nc6 3. d4 cxd4 4. Nxd4 e5 5. Nb3 Nf6 6. Bg5 Bb4+ 7. c3 Be7 8.
Bxf6 Bxf6 9. Na3 d6 10. Bc4 O-O 11. Qd3 a6 12. Rd1 Be7 13. O-O Bg4 14. f3 Bd7
15. Kh1 Qc7 16. Nc2 Rad8 17. Ne3 Bg5 18. Nd5 Qb8 19. Nb6 Be8 20. a4 Kh8 21. Na1
Qa7 22. Nd5 Na5 23. Nb3 Nxc4 24. Qxc4 b5 25. Qc7 Qxc7 26. Nxc7 bxa4 27. Nxe8
Rfxe8 28. Na5 Rb8 29. Nc4 Rec8 30. Nxd6 Rc7 31. Ra1 Rxb2 32. Rxa4 Rb6 33. Nc4
Re6 34. g3 g6 35. Rd1 Kg7 36. Kg2 Bf6 37. Rd5 h5 38. h4 Rec6 39. Nd6 Kf8 40. Rb4
Ke7 41. Rb7 Rxb7 42. Nxb7 Rxc3 43. Nc5 Rc2+ 44. Kf1 Rc3 45. Ke2 Rc2+ 46. Kf1 Rc3
47. Ke2 Rc2+ 48. Kf1 1/2-1/2